La corporación como sociedad imperfecta.

সংরক্ষণ করুন:
গ্রন্থ-পঞ্জীর বিবরন
প্রধান লেখক: McCall, Brian (autor)
বিন্যাস: গ্রন্থ
ভাষা:ইংরেজি
প্রকাশিত: Madrid, España: Marcial Pons, 2015.
বিষয়গুলি:
ট্যাগগুলো: ট্যাগ যুক্ত করুন
কোনো ট্যাগ নেই, প্রথমজন হিসাবে ট্যাগ করুন!

MARC

LEADER 00000nam a22000007a 4500
003 CL-VaPUC
005 20220822114510.0
008 220620b2015 ||||| |||| 00| 0 eng d
999 |c 436112  |d 436110 
020 |a 978-84-16402-03-08 
040 |c Pontificia Universidad Católica de Valparaíso 
082 7 |a 346.066 MCC 2015  |2 22 
100 1 |a McCall, Brian   |e autor  |9 870926 
245 1 3 |a La corporación como sociedad imperfecta. 
260 |a Madrid, España:  |b Marcial Pons,   |c 2015. 
300 |a 141 páginas.  
500 |a c.1 Donación Familia Prof. Alejandro Guzmán Brito. 
583 |c 20220620  |k Cristina María Rojas Aguilar 
650 |a Sociedades anónimas  |9 255387 
650 |a Gobiernos corporativos  |9 556476 
650 |a Derecho Mercantil   |9 371888 
942 |2 ddc  |c BK  |n 0 
952 |0 0  |1 0  |2 ddc  |4 0  |6 346_066000000000000_MCC_2015  |7 1  |8 C_AGB  |9 583843  |a BIBDER  |b BIBDER  |d 2022-06-20  |e Donación   |i 5651964  |o 346.066 MCC 2015  |p 5651964  |r 2023-01-25  |t 1  |w 2022-06-20  |y BK_US  |k AGB